| 000 | 00877nam a2200265 i 4500 | ||
|---|---|---|---|
| 003 | DO-SdBNP | ||
| 005 | 20251103093241.0 | ||
| 007 | ta | ||
| 008 | 210113e1995 dr ||||r|||| 00| fdspa d | ||
| 020 | _a8489546061 | ||
| 040 |
_aDO-SdBNP _bspa _cBNPHU _erda |
||
| 041 | _hspa | ||
| 082 | 4 |
_axxx _bI32d _222 |
|
| 100 |
_aImbert Brugal , Carmen, _eautor _4aut. _977677 |
||
| 245 | 1 | 0 |
_aDistinguida señora / _cCarmen Imbert Brugal ; edición, Margarita Paiewonsky |
| 264 | 4 |
_aSanto Domingo : _bAmigo del Hogar, _c©1995. |
|
| 300 |
_a230 páginas ; _c21 cm. |
||
| 336 |
_atexto _btxt _2rdacontent |
||
| 337 |
_asin mediación _bn _2rdamedia |
||
| 338 |
_avolumen _bnc _2rdacarrier |
||
| 500 | _aIncluye datos biográficos del autor en la solapa de la contracubierta | ||
| 590 | _aInventariado, 2025/BT | ||
| 700 | 1 |
_aPaiewonsky, Margarita, _eeditor _4ed. _977678 |
|
| 942 |
_2ddc _cLBS1 |
||
| 999 |
_c49322 _d49322 |
||